The general theory of employment, interest and money / (Record no. 8405)
[ view plain ]
| 000 -LEADER | |
|---|---|
| fixed length control field | 01122nac a22002291u 4500 |
| 020 ## - INTERNATIONAL STANDARD BOOK NUMBER | |
| International Standard Book Number | 0230004768 (pbk.) : |
| 020 ## - INTERNATIONAL STANDARD BOOK NUMBER | |
| International Standard Book Number | 9780230004764 (pbk.) : |
| 082 ## - DEWEY DECIMAL CLASSIFICATION NUMBER | |
| Classification number | 330.156 22 |
| Item number | KEY |
| 090 ## - LOCALLY ASSIGNED LC-TYPE CALL NUMBER (OCLC); LOCAL CALL NUMBER (OCLC) | |
| -- | 8405 |
| -- | 8405 |
| 100 ## - MAIN ENTRY--PERSONAL NAME | |
| Personal name | Keynes, John Maynard |
| 245 ## - TITLE STATEMENT | |
| Title | The general theory of employment, interest and money / |
| Statement of responsibility, etc | John Maynard Keynes. |
| 260 ## - PUBLICATION, DISTRIBUTION, ETC. (IMPRINT) | |
| Place of publication, distribution, etc | Basingstoke : |
| Name of publisher, distributor, etc | Palgrave Macmillan for the Royal Economic Society, 2007. |
| Date of publication, distribution, etc | c2007. |
| 300 ## - PHYSICAL DESCRIPTION | |
| Extent | xxxviii, 428 p. ; |
| Other physical details | ill.; |
| Dimensions | 24 cm. |
| 500 ## - GENERAL NOTE | |
| General note | Distributer: Al-Ahram |
| 500 ## - GENERAL NOTE | |
| General note | Reprinted with an Editorial introduction and prefaces to the German, Japanese and French eds. from the 1974 Collected writings printing and a new introduction by Paul Krugman - Main text originally published: London : Macmillan, 1936. |
| 504 ## - BIBLIOGRAPHY, ETC. NOTE | |
| Bibliography, etc | Includes bibliographical references and index. |
| 511 ## - PARTICIPANT OR PERFORMER NOTE | |
| Participant or performer note | Catalogued by: Sara |
| 650 ## - SUBJECT ADDED ENTRY--TOPICAL TERM | |
| Topical term or geographic name as entry element | Economics. |
| 710 ## - ADDED ENTRY--CORPORATE NAME | |
| Corporate name or jurisdiction name as entry element | Royal Economic Society (Great Britain) |
| 942 ## - ADDED ENTRY ELEMENTS (KOHA) | |
| Item type | Book - Borrowing |
| Call number prefix | 330.156 22 KEY |
| Withdrawn status | Item status | Damaged status | Not for loan | Home library | Current library | Shelving location | Date acquired | Source of acquisition | Total Checkouts | Total Renewals | Full call number | Barcode | Date last seen | Date last borrowed | Koha item type |
|---|---|---|---|---|---|---|---|---|---|---|---|---|---|---|---|
| Central Library | Central Library | First floor | 06/03/2008 | Purchase | 10 | 13 | 330.156 22 KEY | 000010173 | 15/07/2025 | 02/08/2022 | Book - Borrowing |